000 00754nam a2200229 a 4500
008
049 _aMAIN
090 _aSF207 MAR
100 1 _aMariasingam, Lavanya J.
245 1 0 _aThe Analysis of genetic and non-genetic factors affecting weanimg weight of beef cattle /
_cLavanya J. Mariasingam.
260 _aBulawayo :
_bNUST,
_c1995.
300 _avi, 45 p. :
_c31 cm.
500 _aDissertation(BSc)---NUST,1995.
504 _aIncludes bibliographical references.
650 1 _aBeef cattle
_xbreeding
700 _aNUST.
_bDept. Of Applied Mathematics
_dDissertation.
907 _a.b10216261
_b23-02-16
_c04-10-06
003
005 20230120153120.0
040 _cNUST
942 _cBOOKS
_kSF207 MAR
999 _c99034
_d99034